000 01287nam a2200277Ia 4500
005 20250622124032.0
008 250617s9999||||xx |||||||||||||| ||ara||
017 _a2025/3508
_bمصر. دار الكتب
020 _a9786339954030
082 0 4 _a"748,50288"
_bأ م
100 0 _aأحمد فتحى الشارونى
245 1 0 _aالمنهجية العلمية التطبيقية لترميم وصيانة الزجاج المعشق بالرصاص :
_bمن واقع الخبرات التنفيذية /
_c"إعداد وتنفيذ أحمد فتحى الشارونى ؛ تقديم رمضان عوض عبدالله ، نبيل أحمد عبد التواب ، إبراهيم محمد يوسف"
250 _aط1
260 3 _aالقاهرة :
_b"حسن أبو شادى للأبحاث والنشر،"
_c2025.
300 _a169ص :
_bصور ؛
_c25سم.
650 _aالبللور
650 _aالرسم على الزجاج
650 _aالزجاج
650 _aالزجاج
_x صناعة وتجارة
650 _aحفر الزجاج
700 0 _aإبراهيم محمد يوسف
_e مقدم
700 0 _aرمضان عوض عبدالله
_e مقدم
700 0 _aنبيل أحمد عبد التواب
_e مقدم
942 _cBK
999 _c67587
_d67587